|
|
|
|
| LEADER |
01301nam a22002657a 4500 |
| 003 |
BD-DhAAL |
| 005 |
20230124154328.0 |
| 008 |
230123r2020 bg ||||| |||| 00| 0 ben d |
| 040 |
|
|
|a BD-DhAAL
|c BD-DhAAL
|
| 041 |
|
|
|a ben
|
| 082 |
|
|
|a 891.44371
|2 23
|
| 100 |
|
|
|a আহমেদ, হুমায়ূন
|
| 245 |
|
|
|a শঙ্খনীল কারাগার /
|c হুমায়ূন আহমেদ
|
| 246 |
|
|
|a Shankhonil karagar
|
| 260 |
|
|
|a ঢাকা :
|b অন্যপ্রকাশ,
|c ২০২০ [চতুর্থ মুদ্রণ]
|
| 300 |
|
|
|a ৮৫ পৃষ্ঠা ;
|c ২২ সে.মি.
|
| 526 |
|
|
|a GenEd (Residential Campus)
|
| 541 |
|
|
|a Development Book Agency
|e 40705, 40706
|
| 650 |
|
|
|a Bengali fiction
|z Bangladesh.
|
| 650 |
|
|
|a Bengali Literature.
|
| 852 |
|
|
|a Ayesha Abed Library
|c General Stacks
|
| 942 |
|
|
|2 ddc
|c BK
|
| 999 |
|
|
|c 45344
|d 45344
|
| 952 |
|
|
|0 0
|1 0
|2 ddc
|4 0
|6 891_443710000000000_AHM
|7 0
|9 72873
|a SCL
|b SCL
|c GEN
|d 2023-01-15
|e Development Book Agency
|g 176.00
|l 10
|m 12
|o 891.44371 AHM
|p 3020040706
|r 2026-05-06
|s 2026-04-29
|t 2
|v 176.00
|w 2023-01-15
|y BK
|
| 952 |
|
|
|0 0
|1 0
|2 ddc
|4 0
|6 891_443710000000000_AHM
|7 0
|9 72874
|a SCL
|b SCL
|c GEN
|d 2023-01-15
|e Development Book Agency
|g 176.00
|l 14
|m 5
|o 891.44371 AHM
|p 3020040705
|r 2026-04-21
|s 2026-04-15
|t 1
|v 176.00
|w 2023-01-15
|y BK
|